000 00727nam a2200205Ia 4500
003 GCL
008 140319s9999 xx 000 0 ara d
040 _aGCL /
_cGCL
082 0 4 _a920
_bاع
100 1 _aمحمد سيف الدين عليش
245 1 0 _aعبدالله بن عمرو بن العاص وصحيفته الصادقة /
_cمحمد سيف الدين عليش
260 _aالقاهرة :
_bالهيئة المصرية العامة للكتاب ،
_c1986
300 _a195 ؛
_c18
490 _aاعلام العرب
_v122
650 0 4 _aالاسلام
650 0 4 _aالتراجم
650 0 4 _aالصحابة والتابعون
650 0 4 _aعبدالله بن عمر بن العاص
942 _2ddc
_cBK
999 _c28497
_d28497